| 000 | 00481nam a2200169 i 4500 | ||
|---|---|---|---|
| 001 | 142553 | ||
| 003 | ES-MaACL | ||
| 005 | 20240428063038.0 | ||
| 007 | t| | ||
| 008 | 071008q19001930xxk ||||1| eng d | ||
| 100 | 0 |
_aWhitman, Walt, _d1819-1892 _9116708 |
|
| 245 | 1 | 0 |
_aSoecimen days in America / _cby Walt Whitman. |
| 260 |
_aLondon : _b[Butler and Tanner], _c[19--?] |
||
| 300 |
_aXIV, 317 p. ; _c16 cm. |
||
| 852 |
_aES-MaACL _jG-14934 |
||
| 999 |
_c142553 _d142553 |
||